LEADER 01221nam a2200253 i 4500 001 000000136849 003 CaOOAMICUS 005 20050401000000.0 008 050401s1920 it u000 u ita u 013 $a110568 040 $aSeMil$bita 100 1 $aPenco, Giovanni Battista.$0(OLS)http://semarc/name/23606 245 10$aLettere scelte di Federico Ozanam /$cSac. G. B. Penco ; Prefazione di Mons. Dott. Cesare Orsenigo. 260 $aTreviglio :$bAzione giovanile,$c1920. 300 $aXVI, 566 p. ;$c17 cm. 500 $aContiene : Bibliografia ; Indice dei nomi e delle materie. - In mezzo al front : (Prima versione italiana con note). 600 14$aOzanam, Antoine-Frédéric .$0(OLS)http://semarc/subject/9793 650 4$aEpistolari cristiani.$0(OLS)http://semarc/subject/1101 700 1 $aOrsenigo, Cesare .$0(OLS)http://semarc/name/8267 850 $aSeMil 852 $aSeMil$W1$xVenegono$y1$m1089 1 *$j90431$B90431$CSeMilBibl$Z2$F95663 $81 961 $aRecupero: Biblioteca Seminario Saronno 996 $6245$aLettere scelte di Federico Ozanam$9(OLS)http://semarc/title/199956 996 $6260$aTreviglio :$bAzione giovanile$9(OLS)http://semarc/publisher/47010 LEADER 00908nam a2200241 i 4500 001 000000225029 003 CaOOAMICUS 005 20181120160703.0 008 131119s1976 it u000 u ita u 013 $a203927 040 $aSeMil$bita 245 13$aLe parole "dure" del Vangelo /$cRinaldo Falsini. 260 $aMilano :$bO.R.,$cstampa 1976. 300 $a142 p. ;$c19 cm. 490 0 $aMeditazioni bibliche [OR] ;$v8 500 $aContiene : Nota bibliografica. 650 4$aBibbia - NT - Vangeli - Meditazioni.$0(OLS)http://semarc/subject/459 830 0$aMeditazioni bibliche ;$v8.$0(OLS)http://semarc/title/420015 850 $aSeMil 852 $aSeMil$W1$xVenegono$y1$m2W I 130$j175375$B175375$CSeMilBibl$Z2$F185345 $81 996 $6245$aLe parole "dure" del Vangelo$9(OLS)http://semarc/title/191808 996 $6260$aMilano :$bO.R.$9(OLS)http://semarc/publisher/29789